| 000 | 01315nam a2200313 a 4500 | ||
|---|---|---|---|
| 001 | 000046783 | ||
| 003 | DO-SdBNP | ||
| 005 | 20260128080347.0 | ||
| 007 | ta | ||
| 008 | 110211s2014 dr a 000 0bspa d | ||
| 020 | _a9789945468182 | ||
| 040 |
_aDO-SdBNP _bspa _cBNPHU |
||
| 082 | 4 |
_a928.61 _bL864C, 2014 _222 |
|
| 100 | 1 |
_aCassá, Roberto, _d1948- _910888 |
|
| 245 | 1 | 0 |
_aAndrés López de Medrano : _bprecursor de la democracia / _cRoberto Cassá ; ilustraciones, José Mercader. |
| 260 |
_aSanto Domingo : _bTobogán, _c2014 |
||
| 300 |
_a50 p. : _bil. ; _c23 cm. |
||
| 490 | 1 | _aBiografías Dominicanas | |
| 500 | _aIncluye datos biográficos del autor en la contracubierta. | ||
| 504 | _aBibliografía : p. 47 p. | ||
| 505 |
_tContexto histórico trastornado. _tLa formación del pensador.-- _tLa lógica.-- _tApologista de la democracia.-- _tEn el intento independentista.-- _tEsperanzas en Haití y rápido desencanto.-- _tMedia vida en Puerto Rico.-- _tBibliografía |
||
| 590 | _aInventariado, 2019 / YL | ||
| 600 | 1 | 4 |
_aLópez de Medrano, Andrés _d1780-1856 _951688 |
| 650 | 4 |
_aEscritores dominicanos _vBigrafías _919138 |
|
| 651 | 4 |
_aRepública Dominicana _vBiografías _91083 |
|
| 700 | 1 |
_aMercader, José, _eil. _9768 |
|
| 830 |
_aTobogán: _919139 _pBiografías Dominicanas |
||
| 942 |
_2ddc _cLBS1 |
||
| 999 |
_c46272 _d46272 |
||